[Event "Vaxjo op"]
[Site "Vaxjo"]
[Date "2023.02.10"]
[Round "4"]
[White "Lindberg, Bengt"]
[Black "Lindborg, Patrik"]
[Result "0-1"]
[WhiteElo "2354"]
[BlackElo "2184"]
[PlyCount "90"]
[EventDate "2023.02.10"]
[EventType "swiss"]
[EventRounds "8"]
[EventCountry "SWE"]
[SourceTitle "CBM 212 Extra"]
[Source "ChessBase"]
[SourceDate "2023.03.31"]
[SourceVersion "1"]
[SourceVersionDate "2023.03.31"]
[SourceQuality "1"]

1. e4 c5 2. Nf3 e6 3. d4 cxd4 4. Nxd4 Qb6 5. Nb3 Nf6 6. e5 Ne4 7. Be3 Qc7 8. Qd4 f5 9. f3 Nc6 10. Qd1 Nc5 11. f4 Nxb3 12. axb3 d6 13. exd6 Bxd6 14. g3 0-0 15. Nc3 Be7 16. Bc4 a6 17. 0-0 Rb8 18. Re1 b5 19. Bf1 Bf6 20. Qd2 Rd8 21. Qf2 Ne7 22. Bg2 b4 23. Na4 Nd5 24. Bc5 Qf7 25. Rad1 Bd7 26. Bd4 Bxa4 27. bxa4 Rbc8 28. Bxf6 Qxf6 29. Qe2 Rd6 30. Qd3 Rcd8 31. Qb3 a5 32. Rd2 h6 33. Rde2 Kh7 34. h4 h5 35. Kh2 Kh6 36. Bxd5 exd5 37. Qd3 g6 38. Re5 Rc8 39. R1e2 Rdc6 40. b3 Rc3 41. Qxd5 Rxc2 42. Qxa5 Qc6 43. Qa7 Qf3 44. Qe3 Qf1 45. Re7 Rc1 0-1

[Event "Vaxjo op"]
[Site "Vaxjo"]
[Date "2020.02.07"]
[Round "3"]
[White "Blomqvist, Erik"]
[Black "Lindborg, Patrik"]
[Result "1-0"]
[WhiteElo "2538"]
[BlackElo "2128"]
[PlyCount "65"]
[EventDate "2020.02.07"]
[EventType "swiss"]
[EventRounds "8"]
[EventCountry "SWE"]
[SourceTitle "CBM 194 Extra"]
[Source "ChessBase"]
[SourceDate "2020.03.31"]
[SourceVersion "1"]
[SourceVersionDate "2020.03.31"]
[SourceQuality "1"]

1. e4 c5 2. Nf3 e6 3. d4 cxd4 4. Nxd4 Nc6 5. Nc3 Qc7 6. g3 a6 7. Bg2 d6 8. Nxc6 bxc6 9. 0-0 Be7 10. Re1 e5 11. Na4 h5 12. c4 h4 13. Be3 hxg3 14. hxg3 Rb8 15. c5 Nf6 16. cxd6 Bxd6 17. Rc1 Bh3 18. Bxh3 Rxh3 19. Kg2 Rh7 20. Qc2 c5 21. Rh1 Rxh1 22. Rxh1 Ke7 23. Bg5 Qb7 24. b3 Ke8 25. Bxf6 gxf6 26. Qd3 Bf8 27. Qf3 c4 28. bxc4 Rc8 29. Nc3 Rxc4 30. Nd5 Be7 31. Qf5 a5 32. Rh8+ Bf8 33. Nxf6+ 1-0

[Event "Deltalift op"]
[Site "Tylosand"]
[Date "2019.06.01"]
[Round "8"]
[White "Mejvik, Jacob"]
[Black "Lindborg, Patrik"]
[Result "1/2-1/2"]
[WhiteElo "2057"]
[BlackElo "2172"]
[PlyCount "48"]
[EventDate "2019.05.30"]
[EventType "swiss"]
[EventRounds "8"]
[EventCountry "SWE"]
[SourceTitle "CBM 190 Extra"]
[Source "ChessBase"]
[SourceDate "2019.07.15"]
[SourceVersion "1"]
[SourceVersionDate "2019.07.15"]
[SourceQuality "1"]

1. e4 c5 2. Nf3 e6 3. d4 cxd4 4. Nxd4 Nc6 5. Nc3 Qc7 6. Be3 a6 7. Qd2 Nf6 8. 0-0-0 b5 9. Nxc6 Qxc6 10. f3 Bb4 11. Bd4 Bb7 12. Qg5 Be7 13. Bd3 b4 14. Ne2 0-0-0 15. Qa5 d5 16. Bb6 Rd6 17. Bc5 dxe4 18. fxe4 Rxd3 19. Bxe7 Rd7 20. Rxd7 Qxd7 21. Qxb4 Nxe4 22. Rf1 Re8 23. Bh4 f6 24. Rd1 Qe7 1/2-1/2

[Event "Vaxjo op"]
[Site "Vaxjo"]
[Date "2019.02.09"]
[Round "6"]
[White "Blomqvist, Erik"]
[Black "Lindborg, Patrik"]
[Result "1-0"]
[WhiteElo "2483"]
[BlackElo "2210"]
[PlyCount "71"]
[EventDate "2019.02.08"]
[EventType "swiss"]
[EventRounds "8"]
[EventCountry "SWE"]
[SourceTitle "CBM 188 Extra"]
[Source "ChessBase"]
[SourceDate "2019.02.26"]
[SourceVersion "1"]
[SourceVersionDate "2019.02.26"]
[SourceQuality "1"]

1. e4 c5 2. Nf3 e6 3. c3 d5 4. exd5 Qxd5 5. d4 Nf6 6. Na3 Qd8 7. Bf4 cxd4 8. Nxd4 a6 9. Be2 Nd5 10. Bg3 Bd6 11. Bxd6 Qxd6 12. Nc4 Qc7 13. a4 0-0 14. a5 Nd7 15. 0-0 N7f6 16. Re1 Bd7 17. Bf1 Bb5 18. Qb3 Bxc4 19. Bxc4 Rfc8 20. Bf1 Ng4 21. g3 Ne5 22. Bg2 Nc4 23. Bxd5 exd5 24. Nf5 Re8 25. Qb4 Ne5 26. Qf4 f6 27. Re3 Qd7 28. Rd1 Ng6 29. Qf3 Rad8 30. Rxe8+ Qxe8 31. Rxd5 Ne5 32. Qd1 Rb8 33. f4 Nc4 34. Rd7 Ne3 35. Qb3+ Kh8 36. Re7 1-0

[Event "Malmo op"]
[Site "Malmo"]
[Date "2018.12.15"]
[Round "4"]
[White "Lindborg, Patrik"]
[Black "Kumsiashvili, Nikoloz"]
[Result "1-0"]
[WhiteElo "2195"]
[BlackElo "2401"]
[PlyCount "71"]
[EventDate "2018.12.14"]
[EventType "swiss"]
[EventRounds "8"]
[EventCountry "SWE"]
[SourceTitle "CBM 187 Extra"]
[Source "ChessBase"]
[SourceDate "2018.11.04"]
[SourceVersion "1"]
[SourceVersionDate "2018.11.04"]
[SourceQuality "1"]

1. d4 Nf6 2. c4 g6 3. Nc3 d5 4. Nf3 Bg7 5. Qb3 dxc4 6. Qxc4 0-0 7. e4 Nfd7 8. Be3 Nc6 9. Rd1 Nb6 10. Qb3 Bg4 11. d5 Ne5 12. Be2 Bxf3 13. gxf3 Qd7 14. f4 Ng4 15. Bd4 Bxd4 16. Rxd4 e5 17. fxe5 Nxe5 18. f4 Ng4 19. e5 c5 20. Rd2 Qf5 21. 0-0 Nxe5 22. d6 Nc6 23. Nd5 Rae8 24. Bb5 c4 25. Qf3 Kg7 26. Qc3+ f6 27. Bxc6 bxc6 28. Nxb6 Qc5+ 29. Kh1 axb6 30. Rc1 b5 31. b3 Re3 32. Qa5 c3 33. Rdd1 Qh5 34. Qa7+ Rf7 35. Qxe3 c2 36. Rd2 1-0

[Event "Malmo op"]
[Site "Malmo"]
[Date "2018.12.15"]
[Round "5"]
[White "Ornstein, Axel"]
[Black "Lindborg, Patrik"]
[Result "1/2-1/2"]
[WhiteElo "2289"]
[BlackElo "2195"]
[PlyCount "139"]
[EventDate "2018.12.14"]
[EventType "swiss"]
[EventRounds "8"]
[EventCountry "SWE"]
[SourceTitle "CBM 187 Extra"]
[Source "ChessBase"]
[SourceDate "2018.11.04"]
[SourceVersion "1"]
[SourceVersionDate "2018.11.04"]
[SourceQuality "1"]

1. d4 Nf6 2. c4 g6 3. Nf3 Bg7 4. g3 0-0 5. Bg2 d6 6. Nc3 Nc6 7. 0-0 Bf5 8. Re1 Ne4 9. Nd5 a5 10. Ne3 Bd7 11. d5 Nb4 12. a3 Na6 13. Rb1 a4 14. h4 h6 15. Nc2 Nac5 16. Be3 e5 17. dxe6 Bxe6 18. Bd4 Bxd4 19. Ncxd4 Bxc4 20. Qc1 Ba2 21. Ra1 Bb3 22. Qxh6 Qf6 23. Rac1 Rfe8 24. Qf4 Qxf4 25. gxf4 Kg7 26. Ng5 Bd5 27. Nb5 Re7 28. Nxc7 Rxc7 29. Nxe4 Bxe4 30. Bxe4 Rh8 31. Bc2 Rc6 32. e3 Rxh4 33. Rcd1 Rb6 34. Rb1 Rh8 35. Red1 Rd8 36. Rd4 Ra8 37. Rb4 Rxb4 38. axb4 Na6 39. b5 Nc5 40. Ra1 Ra5 41. b6 Rb5 42. Bxa4 Rxb2 43. Bd1 Rxb6 44. Bf3 Kf6 45. Rd1 Ke7 46. Rd2 Rb4 47. Kf1 Kd7 48. Bd5 Ke7 49. Ra2 Rb6 50. Ra8 Rb1+ 51. Kg2 Rb2 52. Ra7 Kf6 53. e4 Nd3 54. Rxb7 Nxf4+ 55. Kg3 Rxb7 56. Bxb7 Ke5 57. f3 d5 58. exd5 Nxd5 59. Bc6 Nf4 60. Bb7 Ne6 61. Bc6 f5 62. Bb7 g5 63. Bc6 Nf8 64. Bb7 Ng6 65. Bc6 Ne7 66. Bb7 Kd4 67. Kf2 Nd5 68. Ke2 Ke5 69. Kf2 Nc3 70. Ke3 1/2-1/2

[Event "Malmo op"]
[Site "Malmo"]
[Date "2017.12.17"]
[Round "8"]
[White "Rydstrom, Tom"]
[Black "Lindborg, Patrik"]
[Result "1-0"]
[WhiteElo "2334"]
[BlackElo "2145"]
[PlyCount "115"]
[EventDate "2017.12.15"]
[EventType "swiss"]
[EventRounds "8"]
[EventCountry "SWE"]
[SourceTitle "CBM 182 Extra"]
[Source "ChessBase"]
[SourceDate "2018.02.23"]
[SourceVersion "1"]
[SourceVersionDate "2018.02.23"]
[SourceQuality "1"]

1. e4 c5 2. Nf3 e6 3. d4 cxd4 4. Nxd4 Nc6 5. Nc3 Qc7 6. Be3 a6 7. f4 b5 8. Be2 Bb7 9. Bf3 Rc8 10. Nb3 d6 11. 0-0 Nf6 12. Qe2 Be7 13. Rad1 0-0 14. a3 Rfe8 15. g4 Nd7 16. g5 Nb6 17. Bg2 Nc4 18. Bc1 Nb8 19. Rf3 d5 20. Rh3 g6 21. exd5 exd5 22. Qf2 d4 23. Nd5 Bxd5 24. Bxd5 Nd6 25. Nxd4 Qc5 26. Bg2 Nf5 27. c3 Nxd4 28. cxd4 Qxc1 29. Rxc1 Rxc1+ 30. Bf1 Rec8 31. Rc3 R1xc3 32. bxc3 Bxa3 33. Qe3 Nc6 34. Bh3 Rd8 35. Qe4 Ne7 36. Qb7 Nd5 37. Qxa6 Bb2 38. Qa5 Rb8 39. Qa2 Nxf4 40. Qxb2 Nxh3+ 41. Kf1 Nxg5 42. c4 b4 43. c5 Ne4 44. c6 b3 45. Ke2 Nc3+ 46. Kd3 Na4 47. Qb1 b2 48. d5 Kf8 49. c7 Rb3+ 50. Kd4 Rc3 51. Qxb2 Nxb2 52. Kxc3 Na4+ 53. Kb4 Nb6 54. Kc5 Nc8 55. d6 Ke8 56. Kc6 Na7+ 57. Kb7 Kd7 58. Kxa7 1-0

[Event "Malmo op"]
[Site "Malmo"]
[Date "2017.12.16"]
[Round "5"]
[White "Lindborg, Patrik"]
[Black "Andersson, Fredrik1111"]
[Result "1/2-1/2"]
[WhiteElo "2145"]
[BlackElo "2280"]
[PlyCount "38"]
[EventDate "2017.12.15"]
[EventType "swiss"]
[EventRounds "8"]
[EventCountry "SWE"]
[SourceTitle "CBM 182 Extra"]
[Source "ChessBase"]
[SourceDate "2018.02.23"]
[SourceVersion "1"]
[SourceVersionDate "2018.02.23"]
[SourceQuality "1"]

1. Nf3 Nf6 2. c4 g6 3. g3 Bg7 4. Bg2 0-0 5. 0-0 d6 6. d3 e5 7. Nc3 Nc6 8. Rb1 a5 9. a3 Be6 10. b4 axb4 11. axb4 Qc8 12. Ng5 Bd7 13. b5 Ne7 14. Qb3 h6 15. Nge4 Nxe4 16. dxe4 b6 17. Bd2 Ra7 18. Ra1 Qa8 19. Qb2 Be6 1/2-1/2

[Event "Deltalift op"]
[Site "Tylosand"]
[Date "2016.05.06"]
[Round "5"]
[White "Welin, Mats Erik Thomas"]
[Black "Lindborg, Patrik"]
[Result "1-0"]
[WhiteElo "2338"]
[BlackElo "2158"]
[PlyCount "73"]
[EventDate "2016.05.05"]
[EventType "swiss"]
[EventRounds "8"]
[EventCountry "SWE"]
[SourceTitle "CBM 172 Extra"]
[Source "ChessBase"]
[SourceDate "2016.06.21"]
[SourceVersion "1"]
[SourceVersionDate "2016.06.21"]
[SourceQuality "1"]

1. c4 g6 2. g3 Bg7 3. Bg2 c5 4. Nc3 Nc6 5. Nf3 e5 6. a3 Nge7 7. 0-0 0-0 8. Rb1 a5 9. d3 h6 10. Ne1 d6 11. Nc2 Be6 12. b4 axb4 13. axb4 Qd7 14. bxc5 dxc5 15. Ne4 Bh3 16. Bxh6 Bxg2 17. Kxg2 Nd4 18. Nxd4 cxd4 19. Rb5 f5 20. Bxg7 Kxg7 21. Ng5 Nc6 22. Qb3 Ra7 23. Rb1 Kf6 24. h4 Nd8 25. Rd5 Qe7 26. Nf3 Nc6 27. Qb6 Rfa8 28. Rxe5 Qd8 29. Rd5 Qxb6 30. Rxb6 Re8 31. Nxd4 Kf7 32. Rd7+ Kg8 33. Nxc6 Ra2 34. Ne7+ Kf7 35. Nxg6+ Kg8 36. Rbxb7 Raxe2 37. Rg7# 1-0

[Event "Deltalift op"]
[Site "Tylosand"]
[Date "2016.05.05"]
[Round "3"]
[White "Tikkanen, Hans"]
[Black "Lindborg, Patrik"]
[Result "0-1"]
[WhiteElo "2525"]
[BlackElo "2158"]
[PlyCount "92"]
[EventDate "2016.05.05"]
[EventType "swiss"]
[EventRounds "8"]
[EventCountry "SWE"]
[SourceTitle "CBM 172 Extra"]
[Source "ChessBase"]
[SourceDate "2016.06.21"]
[SourceVersion "1"]
[SourceVersionDate "2016.06.21"]
[SourceQuality "1"]

1. e4 c5 2. Nf3 e6 3. d4 cxd4 4. Nxd4 Nc6 5. Nb5 d6 6. c4 a6 7. N5c3 Nf6 8. Be2 Be7 9. 0-0 0-0 10. Be3 b6 11. f3 Bb7 12. Na4 Nd7 13. Nbc3 Rc8 14. Qe1 Nce5 15. b3 d5 16. exd5 exd5 17. Nxd5 Bxd5 18. cxd5 b5 19. Nc3 Bb4 20. Bd2 Nf6 21. Ne4 Be7 22. d6 Bxd6 23. Nxd6 Qxd6 24. Bb4 Qd4+ 25. Kh1 Rfe8 26. Rd1 Qe3 27. Bd2 Qb6 28. Rc1 Nd3 29. Bxd3 Rxe1 30. Rxc8+ Re8 31. Rfc1 Qe6 32. Rxe8+ Nxe8 33. Re1 Qd7 34. Bf5 Qd8 35. Ba5 Qb8 36. Bd7 Nf6 37. Rd1 g6 38. Bc6 Qe5 39. Re1 Qc5 40. Bb7 Kg7 41. Bxa6 Qa7 42. Bc3 Qxa6 43. g4 h6 44. h4 Qc6 45. Re3 Kh7 46. Bxf6 Qc1+ 0-1

[Event "Vaxjo op"]
[Site "Vaxjo"]
[Date "2016.02.21"]
[Round "7"]
[White "Isaxon, Alf"]
[Black "Lindborg, Patrik"]
[Result "0-1"]
[WhiteElo "2010"]
[BlackElo "2161"]
[PlyCount "52"]
[EventDate "2016.02.19"]
[EventType "swiss"]
[EventRounds "8"]
[EventCountry "SWE"]
[SourceTitle "CBM 170 Extra"]
[Source "ChessBase"]
[SourceDate "2016.02.25"]
[SourceVersion "1"]
[SourceVersionDate "2016.02.25"]
[SourceQuality "1"]

1. e4 c5 2. Nf3 e6 3. d4 cxd4 4. Nxd4 Nc6 5. Nc3 Qc7 6. Be3 a6 7. Be2 Nf6 8. 0-0 Bb4 9. f4 Bxc3 10. bxc3 Nxe4 11. Bd3 Nxc3 12. Qg4 Ne7 13. f5 g6 14. fxe6 dxe6 15. Qh4 e5 16. Qf6 Rf8 17. Qg7 Ng8 18. Nf3 Nd5 19. Nxe5 Nxe3 20. Rae1 Qc5 21. Nxf7 Be6 22. Rxe3 Qxe3+ 23. Kh1 Bxf7 24. Rxf7 Qe1+ 25. Bf1 Qxf1+ 26. Rxf1 Rxf1# 0-1

[Event "Vaxjo op"]
[Site "Vaxjo"]
[Date "2016.02.20"]
[Round "6"]
[White "Lindborg, Patrik"]
[Black "Westerberg, Jonathan"]
[Result "0-1"]
[WhiteElo "2161"]
[BlackElo "2481"]
[PlyCount "52"]
[EventDate "2016.02.19"]
[EventType "swiss"]
[EventRounds "8"]
[EventCountry "SWE"]
[SourceTitle "CBM 170 Extra"]
[Source "ChessBase"]
[SourceDate "2016.02.25"]
[SourceVersion "1"]
[SourceVersionDate "2016.02.25"]
[SourceQuality "1"]

1. d4 d5 2. c4 dxc4 3. Nf3 Nf6 4. e3 b5 5. a4 b4 6. Bxc4 e6 7. 0-0 Be7 8. Nbd2 Bb7 9. Qe2 0-0 10. Rd1 c5 11. Nb3 Nbd7 12. dxc5 Qc7 13. c6 Bxc6 14. Nbd4 Bb7 15. e4 Bxe4 16. Nxe6 fxe6 17. Bxe6+ Kh8 18. Bxd7 Bxf3 19. gxf3 Bd6 20. Bb5 Bxh2+ 21. Kg2 Bf4 22. Bxf4 Qxf4 23. Qe3 Nh5 24. Bc6 Rac8 25. Be4 Qh4 26. Rh1 Nf4+ 0-1

[Event "Deltalift op"]
[Site "Tylosand"]
[Date "2015.05.16"]
[Round "8"]
[White "Lindborg, Patrik"]
[Black "Madebrink, Lars"]
[Result "1-0"]
[WhiteElo "2130"]
[BlackElo "2236"]
[PlyCount "85"]
[EventDate "2015.05.14"]
[EventType "swiss"]
[EventRounds "8"]
[EventCountry "SWE"]
[SourceTitle "CBM 166 Extra"]
[Source "ChessBase"]
[SourceDate "2015.06.18"]
[SourceVersion "1"]
[SourceVersionDate "2015.06.18"]
[SourceQuality "1"]

1. d4 d5 2. c4 Nc6 3. cxd5 Qxd5 4. e3 e5 5. Nc3 Bb4 6. Bd2 Bxc3 7. bxc3 Qd6 8. a4 Nge7 9. Bc1 0-0 10. Nf3 Bg4 11. Be2 Rad8 12. 0-0 Rfe8 13. h3 Bh5 14. Ba3 Qf6 15. Nd2 Bxe2 16. Qxe2 Nd5 17. Qd3 Qh4 18. c4 Nf6 19. d5 e4 20. Qb3 Na5 21. Qc3 b6 22. Bb4 Nb7 23. a5 b5 24. a6 Nd6 25. Qd4 Nxc4 26. Nxc4 bxc4 27. Qxa7 Nxd5 28. Bc5 Qg5 29. Bd4 Ra8 30. Qc5 Qd8 31. Qxc4 Re6 32. Rfd1 Rd6 33. Rdc1 h6 34. Bc5 Re6 35. Rd1 c6 36. a7 Qc7 37. Rdb1 Kh7 38. Qa6 Nc3 39. Qb7 Qd8 40. Qxa8 Qg5 41. Qb8 Rg6 42. g3 Qxc5 43. Re1 1-0

[Event "Deltalift op"]
[Site "Tylosand"]
[Date "2015.05.14"]
[Round "3"]
[White "Barkman, Rolf"]
[Black "Lindborg, Patrik"]
[Result "0-1"]
[WhiteElo "1830"]
[BlackElo "2130"]
[PlyCount "60"]
[EventDate "2015.05.14"]
[EventType "swiss"]
[EventRounds "8"]
[EventCountry "SWE"]
[SourceTitle "CBM 166 Extra"]
[Source "ChessBase"]
[SourceDate "2015.06.18"]
[SourceVersion "1"]
[SourceVersionDate "2015.06.18"]
[SourceQuality "1"]

1. e4 c5 2. f4 d5 3. Nc3 d4 4. Nce2 d3 5. cxd3 Qxd3 6. Ng3 Qd8 7. Bc4 Nc6 8. Nf3 Nf6 9. f5 h5 10. Ng5 Qd4 11. Bxf7+ Kd8 12. h3 Ne5 13. Qe2 h4 14. Be6 hxg3 15. Bxc8 Kxc8 16. Ne6 Nd3+ 17. Kf1 Qxe4 18. Qxe4 Nxe4 19. b3 Kd7 20. Ba3 b6 21. Ke2 Nef2 22. Rhf1 g6 23. Ng5 gxf5 24. Nf7 Rg8 25. Rxf2 Nxf2 26. Ne5+ Ke6 27. Nf3 Bg7 28. Rc1 a5 29. d4 Bxd4 30. Nxd4+ cxd4 0-1

[Event "Deltalift op"]
[Site "Tylosand"]
[Date "2012.05.17"]
[Round "3"]
[White "Lindborg, Patrik"]
[Black "Hector, Jonny"]
[Result "0-1"]
[WhiteElo "2032"]
[BlackElo "2560"]
[PlyCount "62"]
[EventDate "2012.05.17"]
[EventType "swiss"]
[EventRounds "8"]
[EventCountry "SWE"]
[SourceTitle "CBM 148 Extra"]
[Source "ChessBase"]
[SourceDate "2012.06.22"]
[SourceVersion "1"]
[SourceVersionDate "2012.06.22"]
[SourceQuality "1"]

1. d4 d5 2. c4 c6 3. Nf3 Nf6 4. e3 Bf5 5. Bd3 Bg6 6. 0-0 e6 7. b3 Nbd7 8. Bb2 Bd6 9. Ne5 Qc7 10. f4 Bxd3 11. Qxd3 Ne4 12. Nxd7 Qxd7 13. Nc3 f5 14. Nxe4 fxe4 15. Qe2 0-0 16. Bc3 Rf5 17. Kh1 Kh8 18. g4 Rf7 19. h4 Raf8 20. Kg2 Qe7 21. h5 h6 22. c5 Bc7 23. b4 Rg8 24. Rh1 g5 25. hxg6 Rxg6 26. Rag1 Bxf4 27. exf4 Rxf4 28. Kh3 Rf3+ 29. Rg3 Rxg4 30. Qxf3 Qh4+ 31. Kg2 exf3+ 0-1